000 00481nam a2200169 i 4500
001 66207
003 ES-MaACL
005 20230906165551.0
007 t|
008 040129s1931 sp ||||1| spa d
100 1 _aGalán, Fermín.
_953289
245 1 0 _aNueva creación
_b: política ya no sólo es arte, sino ciencia /
_cFermín Galán.
250 _a3ª ed.
260 _aMadrid :
_b[s.n.],
_c1931 (
_fCaro Raggio)
300 _a204 p. ;
_c19 cm.
852 _aES-MaACL
_jB-12299
999 _c66207
_d66207